书目信息 |
| 题名: |
申论真题库
|
|
| 作者: | 刘旭涛 主编 | |
| 分册: | ||
| 出版信息: | 北京 新华出版社 2011.04 |
|
| 页数: | 220页 | |
| 开本: | 28cm | |
| 丛书名: | 30天公考日记 | |
| 单 册: | ||
| 中图分类: | H152.3-44 | |
| 科图分类: | ||
| 主题词: | 公文--gong wen--写作--考核--习题 | |
| 电子资源: | ||
| ISBN: | 978-7-5011-9310-3 | |
| 000 | 00886nam 2200277 450 | |
| 001 | 1129553870 | |
| 005 | 20111111081412.48 | |
| 010 | @a978-7-5011-9310-3@dCNY32.00 (含光盘)@z7-5011-9310-X | |
| 100 | @a20110914d2011 em y0chiy50 ea | |
| 101 | 0 | @achi |
| 102 | @aCN@b110000 | |
| 105 | @ak q 000yy | |
| 200 | 1 | @a申论真题库@Ashen lun zhen ti ku@f主编刘旭涛 |
| 205 | @a2版 | |
| 210 | @a北京@c新华出版社@d2011.04 | |
| 215 | @a220页@d28cm@e光盘1片 | |
| 225 | 2 | @a30天公考日记@A30 tian gong kao ri ji |
| 300 | @a2012最新版 | |
| 330 | @a本书内容包括: 中央机关及其直属机构考试录用公务员申论真题、地方录用公务员申论考试真题两大部分。 | |
| 333 | @a国家公务员录用考试统编教材 | |
| 410 | 0 | @12001 @a30天公考日记 |
| 606 | 0 | @a公文@Agong wen@x写作@x考核@j习题 |
| 690 | @aH152.3-44@v4 | |
| 701 | 0 | @a刘旭涛@Aliu xu tao@4主编 |
| 801 | 0 | @aCN@c20110914 |
| 905 | @dH152.3-44@eL696 | |
| 申论真题库/主编刘旭涛.-2版.-北京:新华出版社,2011.04 |
| 220页;28cm+光盘1片.-(30天公考日记) |
| 2012最新版.-使用对象:国家公务员录用考试统编教材 |
| ISBN 978-7-5011-9310-3:CNY32.00 (含光盘) |
| 本书内容包括: 中央机关及其直属机构考试录用公务员申论真题、地方录用公务员申论考试真题两大部分。 |
| ● |
| 相关链接 |
|
|
|
正题名:申论真题库
索取号:H152.3-44/L696
 
预约/预借
| 序号 | 登录号 | 条形码 | 馆藏地/架位号 | 状态 | 备注 |
| 1 | 1221399 | 212213996 | 语言库209/209语言库 76排3列1层/ [索取号:H152.3-44/L696] | 在馆 | |
| 2 | 1221400 | 212214003 | 语言库209/209语言库 76排3列1层/ [索取号:H152.3-44/L696] | 在馆 | |
| 3 | 1221401 | 212214012 | 语言库209/209语言库 76排3列1层/ [索取号:H152.3-44/L696] | 在馆 |